[Event "ChFraAccession2011"]
[Site "Caen"]
[Date "2011.08.16"]
[Round "1.1"]
[White "Fayard, Alain"]
[Black "Tirard, Hugo"]
[Result "0-1"]
[WhiteElo "2219"]
[BlackElo "2470"]
[PlyCount "72"]
[EventDate "2011.??.??"]

1. d4 Nf6 2. c4 c5 3. d5 b5 4. cxb5 a6 5. e3 axb5 6. Bxb5 Qa5+ 7. Nc3 Bb7 8.
Bd2 Qb6 9. Nf3 Nxd5 10. Nxd5 Bxd5 11. a4 e6 12. Bc3 Be7 13. Nd2 f6 14. Bd3 g6
15. O-O O-O 16. Qc2 f5 17. Rfe1 Nc6 18. e4 fxe4 19. Bxe4 Nd4 20. Bxd4 Bxe4 21.
Qxe4 cxd4 22. Nc4 Qb4 23. Ne5 Qxb2 24. Nxd7 Qxf2+ 25. Kh1 Bb4 26. Nxf8 Bxe1 27.
Qxe6+ Kxf8 28. Rxe1 d3 29. Qd6+ Kg8 30. Qd5+ Kg7 31. Re7+ Kf8 32. Rf7+ Qxf7 33.
Qxa8+ Kg7 34. Kg1 Qe7 35. Qa5 Qe3+ 36. Kf1 d2 0-1

[Event "ChFraAccession2011"]
[Site "Caen"]
[Date "2011.08.16"]
[Round "1.2"]
[White "Colin, Vincent"]
[Black "Schabanel, Stephane"]
[Result "1-0"]
[WhiteElo "2410"]
[BlackElo "2217"]
[PlyCount "59"]
[EventDate "2011.??.??"]

1. d4 Nf6 2. c4 d6 3. Nc3 e5 4. Nf3 e4 5. Nd2 Bf5 6. e3 c5 7. Be2 h5 8. O-O g6
9. f3 Nc6 10. fxe4 Bg4 11. Nf3 Bg7 12. e5 dxe5 13. d5 Na5 14. e4 Nh7 15. Be3 b6
16. Nd2 Bd7 17. a3 Nb7 18. b4 Bf8 19. Rb1 Be7 20. Nf3 Bf6 21. Qd2 O-O 22. d6
Bg4 23. Rbd1 Bxf3 24. Rxf3 Bg5 25. Bxg5 Qxg5 26. Qd5 Rab8 27. Rdf1 Nd8 28. Rg3
Qh6 29. Qxe5 cxb4 30. Nd5 1-0

[Event "ChFraAccession2011"]
[Site "Caen"]
[Date "2011.08.16"]
[Round "1.3"]
[White "Djalal, Boris"]
[Black "Mullon, Jean-Baptiste"]
[Result "0-1"]
[WhiteElo "2217"]
[BlackElo "2400"]
[PlyCount "48"]
[EventDate "2011.??.??"]

1. d4 d5 2. c3 Nf6 3. Bg5 Nbd7 4. Nd2 e6 5. e3 c5 6. Bd3 Be7 7. f4 h6 8. Bh4
Qb6 9. Rb1 g5 10. fxg5 hxg5 11. Bxg5 e5 12. Qa4 exd4 13. exd4 Ng4 14. Bxe7 Qe6+
15. Ne2 Kxe7 16. dxc5 Nxc5 17. Qd4 b5 18. Qxh8 Nxd3+ 19. Kf1 Ne3+ 20. Kg1 Nf5
21. h3 Qxe2 22. Kh2 Bb7 23. Qh7 Qe5+ 24. Kg1 Rh8 0-1

[Event "ChFraAccession2011"]
[Site "Caen"]
[Date "2011.08.16"]
[Round "1.4"]
[White "Collas, Didier"]
[Black "Iwanesko, Alexandre"]
[Result "1-0"]
[WhiteElo "2399"]
[BlackElo "2217"]
[PlyCount "47"]
[EventDate "2011.??.??"]

1. e4 d6 2. d4 f5 3. Nc3 fxe4 4. Nxe4 Nf6 5. Nxf6+ exf6 6. Bd3 Nc6 7. c3 Qe7+
8. Ne2 Bd7 9. O-O O-O-O 10. b4 d5 11. b5 Na5 12. Nf4 Qf7 13. Qf3 Bd6 14. Qxd5
Qf8 15. Qf3 g5 16. Nd5 Qf7 17. Bxg5 Rhg8 18. Bh4 Kb8 19. Nxf6 Rg7 20. Nxd7+
Rxd7 21. Qxf7 Rdxf7 22. Rae1 a6 23. bxa6 Rf3 24. Re3 1-0

[Event "ChFraAccession2011"]
[Site "Caen"]
[Date "2011.08.16"]
[Round "1.5"]
[White "Mancini, Mario"]
[Black "Benitah, Yohan"]
[Result "0-1"]
[WhiteElo "2213"]
[BlackElo "2392"]
[PlyCount "56"]
[EventDate "2011.??.??"]

1. d4 d5 2. c4 c6 3. Nf3 Nf6 4. e3 Bf5 5. Nc3 e6 6. Nh4 Be4 7. f3 Bg6 8. g3
Nbd7 9. Nxg6 hxg6 10. cxd5 Nxd5 11. Bg2 Bd6 12. e4 Nxc3 13. bxc3 Rxh2 14. Kf2
Rxh1 15. Qxh1 Qa5 16. Bd2 O-O-O 17. Qe1 e5 18. Be3 Qc7 19. d5 cxd5 20. exd5 Kb8
21. Kg1 e4 22. f4 f5 23. Bf1 Nf6 24. c4 g5 25. Qf2 b6 26. Rb1 Ng4 27. Bxb6 axb6
28. Rxb6+ Kc8 0-1

[Event "ChFraAccession2011"]
[Site "Caen"]
[Date "2011.08.16"]
[Round "1.6"]
[White "Olivier, Jean-Christophe"]
[Black "Brethes, Francois"]
[Result "1/2-1/2"]
[WhiteElo "2388"]
[BlackElo "2213"]
[PlyCount "78"]
[EventDate "2011.??.??"]

1. e4 d6 2. d4 Nf6 3. Nc3 g6 4. Nf3 Bg7 5. Bc4 O-O 6. Qe2 c6 7. e5 Nd5 8. Bd2
Bg4 9. Nxd5 cxd5 10. Bxd5 Nc6 11. Bxc6 bxc6 12. Bc3 dxe5 13. dxe5 Qd5 14. O-O
Rad8 15. Rfe1 Bh6 16. Qe4 Bxf3 17. gxf3 Qe6 18. Rad1 Rc8 19. Qg4 Qxa2 20. Rd7
e6 21. Red1 Bg7 22. Qe4 Qa6 23. b3 Qb6 24. Qe3 c5 25. Ra1 a6 26. Qe4 Qb5 27.
Rb7 Qc6 28. Qxc6 Rxc6 29. Ra7 Rd8 30. R7xa6 Rxa6 31. Rxa6 Rd1+ 32. Kg2 h5 33.
Ra8+ Kh7 34. Rc8 Rc1 35. Rxc5 Rxc2 36. b4 Bf8 37. Rc4 Bxb4 38. Rxb4 Rxc3 39. h4
Kg7 1/2-1/2

[Event "ChFraAccession2011"]
[Site "Caen"]
[Date "2011.08.16"]
[Round "1.8"]
[White "Lerch, Patrice"]
[Black "Lebrun, Xavier"]
[Result "1/2-1/2"]
[WhiteElo "2356"]
[BlackElo "2208"]
[PlyCount "148"]
[EventDate "2011.??.??"]

1. e4 e5 2. Bc4 Nf6 3. d3 Bc5 4. Nf3 Nc6 5. Bb3 d6 6. c3 Be6 7. Bc2 d5 8. Qe2
a5 9. Ba4 Nd7 10. d4 dxe4 11. Ng5 exd4 12. Nxe6 fxe6 13. Bxc6 bxc6 14. Qxe4 Qf6
15. Qxc6 O-O 16. O-O dxc3 17. Nxc3 Bxf2+ 18. Kh1 Ne5 19. Qe4 Qh4 20. Qxh4 Bxh4
21. Bf4 Nd3 22. Bxc7 Rxf1+ 23. Rxf1 Bf6 24. g4 h6 25. Na4 Nxb2 26. Nc5 e5 27.
Ne4 Ra7 28. Nxf6+ gxf6 29. Bd8 Nd3 30. Rxf6 Nf4 31. Kg1 a4 32. Rd6 Rb7 33. Bb6
Nd5 34. Bc5 Nf4 35. Rd2 Kf7 36. Kf2 Rc7 37. Be3 Ke6 38. Bxf4 exf4 39. Kf3 Rc4
40. h4 Ke5 41. Re2+ Kf6 42. Re4 Rc3+ 43. Kxf4 Ra3 44. Re2 Rh3 45. h5 Rc3 46.
Rf2 Rc5 47. Ke4+ Kg7 48. Rd2 Rc7 49. Rd4 Ra7 50. Rd6 Rb7 51. Rg6+ Kh7 52. a3
Rb3 53. Ra6 Rxa3 54. Ra7+ Kg8 55. Kf5 Rb3 56. Rxa4 Rb5+ 57. Kf4 Rb7 58. Rd4 Kg7
59. Rd5 Rc7 60. Ke4 Kf7 61. Kf5 Rb7 62. Rd6 Rb5+ 63. Ke4 Rb4+ 64. Rd4 Rb7 65.
Kf4 Ra7 66. Re4 Rb7 67. Kf5 Rb5+ 68. Re5 Rb7 69. Ra5 Rc7 70. Ra6 Rc5+ 71. Kf4
Rc4+ 72. Kg3 Rc3+ 73. Kh4 Kg7 74. Ra7+ Kh8 1/2-1/2

[Event "ChFraAccession2011"]
[Site "Caen"]
[Date "2011.08.16"]
[Round "1.9"]
[White "Jeanne, Mickael"]
[Black "Godard, Maxence"]
[Result "1/2-1/2"]
[WhiteElo "2204"]
[BlackElo "2352"]
[PlyCount "112"]
[EventDate "2011.??.??"]

1. e4 c6 2. c4 d5 3. cxd5 cxd5 4. exd5 Nf6 5. Qa4+ Nbd7 6. Nc3 g6 7. Bc4 a6 8.
d3 Rb8 9. Qc2 b5 10. Bb3 Bb7 11. Nf3 Bg7 12. Bf4 Rc8 13. Qe2 O-O 14. d4 Nb6 15.
O-O Nfxd5 16. Nxd5 Bxd5 17. Rfe1 e6 18. Be5 Nc4 19. Bxg7 Kxg7 20. Ne5 Qg5 21.
g3 Rfd8 22. f4 Qe7 23. Rac1 Qa7 24. Qf2 Ba8 25. Nxc4 Qb7 26. Kf1 bxc4 27. Rxc4
Rxc4 28. Bxc4 a5 29. b3 h5 30. h4 Qh1+ 31. Ke2 Qe4+ 32. Kf1 Qxd4 33. Qxd4+ Rxd4
34. Kf2 Kf6 35. Ke3 Rd8 36. Kf2 Rd2+ 37. Re2 Rd1 38. Re1 Rxe1 39. Kxe1 Kf5 40.
Bd3+ Be4 41. Bxe4+ Kxe4 42. Ke2 f6 43. a3 e5 44. fxe5 Kxe5 45. Ke3 Kd5 46. Kd3
g5 47. b4 axb4 48. axb4 gxh4 49. gxh4 f5 50. Ke3 Kc4 51. Kf4 Kxb4 52. Kxf5 Kc5
53. Kg5 Kd6 54. Kxh5 Ke7 55. Kg6 Kf8 56. Kh7 Kf7 1/2-1/2

[Event "ChFraAccession2011"]
[Site "Caen"]
[Date "2011.08.16"]
[Round "1.10"]
[White "Bissieres, Matthieu"]
[Black "Roger, Mehdi"]
[Result "1-0"]
[WhiteElo "2352"]
[BlackElo "2201"]
[PlyCount "75"]
[EventDate "2011.??.??"]

1. e4 e6 2. d4 d5 3. e5 c5 4. c3 Nc6 5. Nf3 Qb6 6. a3 Nh6 7. b4 cxd4 8. cxd4
Bd7 9. Nc3 Nf5 10. Na4 Qc7 11. Bb2 a6 12. Rc1 Qd8 13. g4 Nh6 14. h3 Na7 15. Nc5
Bxc5 16. dxc5 Bb5 17. Bxb5+ Nxb5 18. Qd3 Ng8 19. c6 bxc6 20. Rxc6 Ne7 21. Rc2
Rc8 22. a4 Rxc2 23. Qxc2 Na7 24. Bd4 Nac6 25. Bc5 O-O 26. Qe2 Qa8 27. O-O Re8
28. b5 axb5 29. axb5 Nb8 30. Nd4 Nd7 31. Bd6 Qa4 32. Qb2 Ng6 33. f4 h6 34. b6
Rc8 35. b7 Rc4 36. Ra1 Qxa1+ 37. Qxa1 Nxf4 38. Kh2 1-0

[Event "ChFraAccession2011"]
[Site "Caen"]
[Date "2011.08.16"]
[Round "1.12"]
[White "Saucey, Michel"]
[Black "Bertrand, Quentin"]
[Result "1/2-1/2"]
[WhiteElo "2319"]
[BlackElo "2195"]
[PlyCount "60"]
[EventDate "2011.??.??"]

1. d4 Nf6 2. Nf3 e6 3. c4 Bb4+ 4. Bd2 Qe7 5. g3 Nc6 6. Bg2 Bxd2+ 7. Nbxd2 O-O
8. O-O d6 9. e4 e5 10. d5 Nb8 11. Ne1 a5 12. Nd3 Na6 13. a3 Bd7 14. b4 c6 15.
dxc6 bxc6 16. Qb3 Be6 17. Qc3 Nd7 18. Nb3 axb4 19. axb4 Rfc8 20. Na5 f6 21. Ra3
Rab8 22. Rfa1 Qf7 23. h4 h6 24. Kh2 Rc7 25. Kg1 Kh7 26. Rc1 Rb6 27. Nb3 Rcb7
28. Na5 Rc7 29. Bf3 Qg6 30. Bg2 Qf7 1/2-1/2

[Event "ChFraAccession2011"]
[Site "Caen"]
[Date "2011.08.16"]
[Round "1.25"]
[White "Kambrath, Yannick"]
[Black "Camus, Berenger"]
[Result "1-0"]
[WhiteElo "2132"]
[BlackElo "2239"]
[PlyCount "35"]
[EventDate "2011.??.??"]

1. d4 d5 2. c4 dxc4 3. e4 e5 4. d5 Nf6 5. Nc3 c6 6. Bxc4 b5 7. Bb3 b4 8. Nce2
cxd5 9. Bg5 Bb7 10. Nf3 Be7 11. Nxe5 O-O 12. exd5 Bxd5 13. Bxf6 Bxb3 14. Qxd8
Bxd8 15. Bxd8 Ba4 16. Bh4 Re8 17. f4 f6 18. Nf3 1-0

[Event "ChFraAccession2011"]
[Site "Caen"]
[Date "2011.08.16"]
[Round "1.27"]
[White "Mania, Clement"]
[Black "Amoyal, Pierre"]
[Result "1-0"]
[WhiteElo "2130"]
[BlackElo "2234"]
[PlyCount "117"]
[EventDate "2011.??.??"]

1. f4 e5 2. fxe5 d6 3. Nf3 Nc6 4. e4 Nxe5 5. d4 Nxf3+ 6. Qxf3 Qh4+ 7. g3 Qg4 8.
Qd3 h5 9. Be3 h4 10. Bf2 hxg3 11. Bxg3 Nf6 12. Nd2 Nh5 13. Be2 Qg5 14. O-O-O
Nf4 15. Qb5+ Qxb5 16. Bxb5+ c6 17. Bxc6+ bxc6 18. Bxf4 a5 19. Rde1 Ba6 20. c4
Kd7 21. d5 Rc8 22. b3 cxd5 23. exd5 Be7 24. Re4 g5 25. Be3 a4 26. Kb2 f5 27.
Re6 Rh3 28. Re1 axb3 29. axb3 Bd8 30. Re2 Rb8 31. Rg6 f4 32. Bd4 Rh7 33. Kc2
Bc8 34. Rxd6+ Kxd6 35. Be5+ Kc5 36. Ne4+ Kb6 37. Bxb8 Bf5 38. Kc3 f3 39. c5+
Kb7 40. Nd6+ Kxb8 41. Rf2 Bg4 42. Ne4 Bh5 43. d6 Kb7 44. b4 Kc6 45. Kd4 Rb7 46.
Rb2 Bg6 47. Nc3 Bf6+ 48. Kc4 Bf7+ 49. Kd3 Bxc3 50. Kxc3 g4 51. Kd4 Kb5 52. Ke5
Bc4 53. Rc2 Rf7 54. c6 Kb6 55. d7 Kc7 56. Rxc4 f2 57. b5 Rf5+ 58. Ke6 Rf8 59.
Rc1 1-0

[Event "ChFraAccession2011"]
[Site "Caen"]
[Date "2011.08.16"]
[Round "1.29"]
[White "Ricter, Jean-Paul"]
[Black "Bellahcene, Bilel"]
[Result "0-1"]
[WhiteElo "2093"]
[BlackElo "2231"]
[PlyCount "64"]
[EventDate "2011.??.??"]

1. d4 Nf6 2. e3 c5 3. c3 g6 4. Bd3 Bg7 5. f4 O-O 6. Nf3 cxd4 7. exd4 b6 8. O-O
Ba6 9. Bxa6 Nxa6 10. Qe2 Nc7 11. Nbd2 d6 12. Ne4 Nxe4 13. Qxe4 Qd7 14. Bd2 Rfe8
15. Rae1 b5 16. Qd3 a5 17. Ng5 h6 18. Ne4 f5 19. Nf2 Nd5 20. Qf3 Nf6 21. Re2 d5
22. Nd3 Ne4 23. Ne5 Bxe5 24. fxe5 Kg7 25. g4 Rf8 26. gxf5 Rxf5 27. Qg2 Raf8 28.
Rxf5 Qxf5 29. Be3 Ng5 30. h4 Nf3+ 31. Kh1 Qb1+ 32. Bg1 Nxg1 0-1

[Event "ChFraAccession2011"]
[Site "Caen"]
[Date "2011.08.16"]
[Round "1.30"]
[White "Bleunven, Andre"]
[Black "Aubry, Yannis"]
[Result "1-0"]
[WhiteElo "2226"]
[BlackElo "2073"]
[PlyCount "41"]
[EventDate "2011.??.??"]

1. c4 e5 2. g3 Nf6 3. Bg2 d5 4. cxd5 Nxd5 5. Nc3 Nb6 6. Nf3 Nc6 7. O-O Be7 8.
a3 Be6 9. b4 a5 10. b5 Nd4 11. Rb1 a4 12. Nxe5 f6 13. Nd3 Bb3 14. Rxb3 axb3 15.
e3 Nc2 16. Nf4 Bxa3 17. Qh5+ Ke7 18. Qg4 g6 19. Qe6+ Kf8 20. Qxb3 Qd6 21. Qxc2
1-0

[Event "ChFraAccession2011"]
[Site "Caen"]
[Date "2011.08.16"]
[Round "1.31"]
[White "Soyer, Jean-Yves"]
[Black "Favarel, Julien"]
[Result "1/2-1/2"]
[WhiteElo "2054"]
[BlackElo "2222"]
[PlyCount "30"]
[EventDate "2011.??.??"]

1. Nf3 Nf6 2. c4 g6 3. Nc3 Bg7 4. e4 d6 5. d4 O-O 6. Be2 Na6 7. Nd2 e5 8. d5 h5
9. O-O Bh6 10. Nb3 Bxc1 11. Qxc1 Kg7 12. Qe3 b6 13. Nd2 Ng4 14. Bxg4 hxg4 15.
f3 Nb4 1/2-1/2

[Event "Championnat de France Accession 2011"]
[Site "Caen"]
[Date "2011.08.17"]
[Round "2.1"]
[White "Tirard, Hugo"]
[Black "Loiret, Stanislas"]
[Result "1-0"]
[WhiteElo "2470"]
[BlackElo "2267"]
[PlyCount "123"]
[EventDate "2011.??.??"]

1. e4 e5 2. Nf3 Nc6 3. Bb5 a6 4. Ba4 Nf6 5. O-O b5 6. Bb3 Be7 7. d3 d6 8. a4
Bg4 9. c3 Rb8 10. h3 Bh5 11. Re1 Qc8 12. axb5 axb5 13. Nbd2 O-O 14. Nf1 b4 15.
Ba4 Nd8 16. Ng3 Bg6 17. d4 bxc3 18. bxc3 exd4 19. cxd4 d5 20. exd5 Bb4 21. Re5
Bd6 22. Bg5 Qb7 23. Bxf6 gxf6 24. Re3 Qxd5 25. Bb3 Qb5 26. d5 Bf4 27. Nd4 Qc5
28. Rc1 Qb6 29. Ngf5 Bxe3 30. fxe3 Re8 31. Qf3 Re5 32. Nh6+ Kg7 33. Ng4 h5 34.
Rc6 Nxc6 35. Qxf6+ Kg8 36. dxc6 Qxb3 37. Nxb3 Re6 38. Nh6+ Kh7 39. Qf4 Rxb3 40.
Nxf7 Rb1+ 41. Kh2 Rxc6 42. Qh6+ Kg8 43. Ne5 Rbb6 44. Nd7 Re6 45. Qf8+ Kh7 46.
Qf4 Rbd6 47. Nf8+ Kg8 48. Nxe6 Rxe6 49. Qxc7 Bf7 50. Qc5 Bg6 51. Kg3 Re4 52.
Kf3 Kh7 53. Qd5 Re7 54. e4 Kh6 55. e5 Rf7+ 56. Ke3 Rf1 57. Qg8 Bf7 58. Qd8 Kg6
59. Qd6+ Kg7 60. g3 Bb3 61. Qd3 Rg1 62. Kf2 1-0

[Event "Championnat de France Accession 2011"]
[Site "Caen"]
[Date "2011.08.17"]
[Round "2.2"]
[White "Jablonski, Noham"]
[Black "Colin, Vincent"]
[Result "0-1"]
[WhiteElo "2277"]
[BlackElo "2410"]
[PlyCount "114"]
[EventDate "2011.??.??"]

1. e4 c5 2. Nf3 g6 3. d4 cxd4 4. Nxd4 Bg7 5. Nc3 Nc6 6. Nb3 Nf6 7. g3 h5 8. h3
d6 9. Bg2 Be6 10. Nd5 Qc8 11. Be3 Ne5 12. Qe2 Bxd5 13. exd5 Qc4 14. Qxc4 Nxc4
15. Bd4 O-O 16. O-O-O Rfc8 17. Rhe1 Rc7 18. Kb1 a5 19. Nd2 b5 20. Nxc4 bxc4 21.
f4 Rb8 22. Bc3 a4 23. a3 h4 24. g4 Nxd5 25. Bxg7 Nxf4 26. Bh6 Nxg2 27. Re2 c3
28. Rxg2 Rxb2+ 29. Ka1 f6 30. Be3 Rb5 31. Rgg1 Kf7 32. Rb1 Rxb1+ 33. Rxb1 e5
34. Rb4 d5 35. Rxa4 d4 36. Bxd4 exd4 37. Rxd4 Ke6 38. Rb4 f5 39. gxf5+ gxf5 40.
Rxh4 Rf7 41. Rf4 Ke5 42. Rf1 f4 43. Ka2 f3 44. Kb3 Kd4 45. Rd1+ Ke3 46. Kxc3 f2
47. Rf1 Rf4 48. Kb3 Ke2 49. Rxf2+ Kxf2 50. c4 Ke3 51. Kb4 Kd4 52. a4 Rf1 53.
Kb5 Rb1+ 54. Kc6 Ra1 55. Kb5 Ke5 56. Kc6 Rxa4 57. c5 Rc4 0-1

[Event "Championnat de France Accession 2011"]
[Site "Caen"]
[Date "2011.08.17"]
[Round "2.3"]
[White "Mullon, Jean-Baptiste"]
[Black "Favarel, Antoine"]
[Result "1-0"]
[WhiteElo "2400"]
[BlackElo "2235"]
[PlyCount "71"]
[EventDate "2011.??.??"]

1. e4 e5 2. Nf3 Nc6 3. Bb5 Nf6 4. d3 Ne7 5. O-O c6 6. Ba4 Ng6 7. c3 Be7 8. Re1
O-O 9. Nbd2 d6 10. Bb3 h6 11. Nf1 Re8 12. Ng3 Bf8 13. d4 Qc7 14. h3 c5 15. Ba4
Rd8 16. Qe2 a6 17. Be3 b5 18. Bb3 Bb7 19. d5 c4 20. Bc2 Nd7 21. Nh5 a5 22. Nh2
b4 23. Ng4 Ba6 24. Qd2 Rdb8 25. Bxh6 gxh6 26. Nxh6+ Kh7 27. Nxf7 Nc5 28. Ng5+
Kh8 29. Re3 Nd3 30. Bxd3 cxd3 31. Rf3 bxc3 32. bxc3 Bh6 33. Rf6 Rg8 34. Rxd6
Bb5 35. c4 Be8 36. c5 1-0

[Event "Championnat de France Accession 2011"]
[Site "Caen"]
[Date "2011.08.17"]
[Round "2.4"]
[White "Alanic, Xavier"]
[Black "Collas, Didier"]
[Result "1/2-1/2"]
[WhiteElo "2264"]
[BlackElo "2399"]
[PlyCount "52"]
[EventDate "2011.??.??"]

1. e4 c5 2. c4 Nc6 3. g3 g6 4. Bg2 Bg7 5. Ne2 d6 6. O-O Rb8 7. Nbc3 a6 8. a4
Bg4 9. f3 Bd7 10. d3 f5 11. Be3 Nf6 12. h3 O-O 13. Qd2 e5 14. Bg5 Qa5 15. Rfb1
Qb4 16. Qd1 Qa5 17. Nd5 Nb4 18. Nxb4 cxb4 19. Qd2 Nh5 20. Kh2 Bf6 21. Bxf6 Rxf6
22. Nc1 fxe4 23. dxe4 Qc5 24. b3 a5 25. Nd3 Qd4 26. Rd1 Ng7 1/2-1/2

[Event "Championnat de France Accession 2011"]
[Site "Caen"]
[Date "2011.08.17"]
[Round "2.5"]
[White "Benitah, Yohan"]
[Black "Bleunven, Andre"]
[Result "1-0"]
[WhiteElo "2392"]
[BlackElo "2226"]
[PlyCount "85"]
[EventDate "2011.??.??"]

1. d4 Nf6 2. c4 g6 3. Nc3 Bg7 4. e4 d6 5. Nf3 O-O 6. Be2 e5 7. O-O Nc6 8. d5
Ne7 9. Ne1 Nd7 10. Nd3 f5 11. f3 Kh8 12. Be3 Ng8 13. Qd2 Ndf6 14. c5 h5 15.
Rac1 f4 16. Bf2 Ne8 17. cxd6 Nxd6 18. Nc5 Qe8 19. Rfd1 Nf6 20. Bh4 Rf7 21. b3
a6 22. a4 Kh7 23. a5 Kh6 24. Bf2 g5 25. g3 Kh7 26. gxf4 gxf4 27. Kh1 Qe7 28.
Rg1 Nfe8 29. N3a4 Bf6 30. Qe1 Nb5 31. Ne6 Ned6 32. Nac5 b6 33. axb6 cxb6 34.
Na4 Bxe6 35. dxe6 Qxe6 36. Nxb6 Rb8 37. Nd5 Bd8 38. Rc6 Ra8 39. Qf1 Qd7 40.
Bxb5 Nxb5 41. Qg2 Rg7 42. Rg6 Rxg6 43. Qxg6+ 1-0

[Event "Championnat de France Accession 2011"]
[Site "Caen"]
[Date "2011.08.17"]
[Round "2.6"]
[White "Bujisho, Benjamin"]
[Black "Dionisi, Thomas"]
[Result "1/2-1/2"]
[WhiteElo "2369"]
[BlackElo "2191"]
[PlyCount "73"]
[EventDate "2011.??.??"]

1. e4 c5 2. Nf3 Nc6 3. Nc3 e5 4. Bc4 d6 5. d3 Be7 6. Nd2 Bg5 7. Nf1 Bxc1 8.
Rxc1 Nge7 9. Ne3 O-O 10. O-O Kh8 11. f4 exf4 12. Rxf4 Ne5 13. Qh5 N7g6 14. Rf2
Be6 15. Rcf1 Nxc4 16. dxc4 Ne5 17. Ncd5 f6 18. b3 Qd7 19. h3 Rad8 20. Qd1 Rfe8
21. Nf4 Nf7 22. Qd3 Ng5 23. h4 Nf7 24. h5 h6 25. Ned5 Bxd5 26. cxd5 Ng5 27.
Ng6+ Kg8 28. Rf4 Nf7 29. Rf5 Ne5 30. Qg3 Nxg6 31. Qxg6 Kh8 32. R1f4 Re7 33. Rg4
Rf8 34. Rff4 Qe8 35. Qxe8 Rfxe8 36. Kf2 Re5 37. Rh4 1/2-1/2

[Event "Championnat de France Accession 2011"]
[Site "Caen"]
[Date "2011.08.17"]
[Round "2.7"]
[White "Bellahcene, Bilel"]
[Black "Bissieres, Matthieu"]
[Result "1-0"]
[WhiteElo "2231"]
[BlackElo "2352"]
[PlyCount "127"]
[EventDate "2011.??.??"]

1. d4 Nf6 2. c4 g6 3. Nc3 Bg7 4. e4 O-O 5. Nge2 c6 6. Ng3 d5 7. e5 Ne4 8. Ngxe4
dxe4 9. Be3 f5 10. exf6 exf6 11. Qd2 f5 12. O-O-O Qf6 13. g3 Nd7 14. h4 h5 15.
Be2 Qf7 16. Kb1 a6 17. Bh6 Bxh6 18. Qxh6 Nf6 19. Rd2 b5 20. d5 cxd5 21. Nxd5
Nxd5 22. Rxd5 Qg7 23. Qxg7+ Kxg7 24. c5 f4 25. c6 fxg3 26. fxg3 Rf2 27. Re1 Bf5
28. c7 Rc8 29. Rc5 Re8 30. a4 e3+ 31. Ka2 Bc8 32. axb5 axb5 33. Bxb5 Re7 34.
Rc3 Rf3 35. b4 Rxg3 36. Be2 Rg2 37. Kb3 Rf2 38. b5 Rff7 39. Rec1 Rf2 40. R1c2
Rf6 41. Kb4 Rf4+ 42. Ka5 g5 43. Rc5 gxh4 44. b6 Ree4 45. Rg5+ Kf8 46. Ra2 h3
47. Rxh5 Rh4 48. Rxh4 Rxh4 49. Bf3 Rh7 50. Kb5 e2 51. Rxe2 Rf7 52. Bd5 Rf5 53.
Kc6 Rf6+ 54. Kc5 Rf5 55. Ra2 Bb7 56. c8=Q+ Bxc8 57. Kd6 Rxd5+ 58. Kxd5 Bb7+ 59.
Ke6 Bg2 60. Rf2+ Kg8 61. Kf6 Kh7 62. Rf4 Kg8 63. Rg4+ Kf8 64. Rxg2 1-0

[Event "Championnat de France Accession 2011"]
[Site "Caen"]
[Date "2011.08.17"]
[Round "2.8"]
[White "Song, Julien"]
[Black "Kambrath, Yannick"]
[Result "1-0"]
[WhiteElo "2336"]
[BlackElo "2132"]
[PlyCount "87"]
[EventDate "2011.??.??"]

1. d4 Nf6 2. Nf3 g6 3. Nbd2 d5 4. b4 Bg7 5. e3 O-O 6. c4 c6 7. Bb2 Nbd7 8. Be2
dxc4 9. Nxc4 Nd5 10. a3 N5b6 11. Nfd2 Nxc4 12. Nxc4 Nb6 13. O-O Nxc4 14. Bxc4
Qd6 15. Qb3 Be6 16. Bxe6 Qxe6 17. Qxe6 fxe6 18. f4 h6 19. a4 Rac8 20. Rfc1 g5
21. g3 gxf4 22. gxf4 Rf5 23. Rc5 Rxc5 24. bxc5 b6 25. Ba3 Kf7 26. Rb1 Rb8 27.
cxb6 Rxb6 28. Rb4 Bf6 29. Kf1 Ke8 30. Ke2 Kd7 31. Kf3 h5 32. Kg3 Kc7 33. a5 Rb7
34. Rxb7+ Kxb7 35. Bc5 Ka6 36. e4 Bg7 37. e5 Kxa5 38. Bxa7 Kb5 39. Kf3 Ka6 40.
Bc5 Bf8 41. Kg3 Kb5 42. Kh4 Bh6 43. Kxh5 Bxf4 44. h4 1-0

[Event "Championnat de France Accession 2011"]
[Site "Caen"]
[Date "2011.08.17"]
[Round "2.9"]
[White "Castro, John"]
[Black "Velten, Paul"]
[Result "0-1"]
[WhiteElo "2189"]
[BlackElo "2309"]
[PlyCount "64"]
[EventDate "2011.??.??"]

1. e4 e6 2. d4 d5 3. Nc3 Nc6 4. Nf3 Nf6 5. e5 Ne4 6. Bd3 Bb4 7. Bd2 Nxd2 8.
Qxd2 Bd7 9. a3 Be7 10. O-O g5 11. Qe3 g4 12. Nd2 Bg5 13. f4 gxf3 14. Qxf3 Qe7
15. Nb3 O-O-O 16. Rae1 Rdf8 17. Bb5 Nb8 18. a4 a6 19. Bd3 Qb4 20. Qh5 Bd8 21.
Rxf7 Bxa4 22. Rxf8 Rxf8 23. Qg4 Bxb3 24. cxb3 Nd7 25. Rf1 h5 26. Qh3 Qxd4+ 27.
Kh1 Rxf1+ 28. Bxf1 Qf2 29. Qf3 Qxb2 30. Nxd5 exd5 31. e6 Nf6 32. Qd3 d4 0-1

[Event "Championnat de France Accession 2011"]
[Site "Caen"]
[Date "2011.08.17"]
[Round "2.10"]
[White "Coursaget, Nicolas"]
[Black "Mania, Clement"]
[Result "1-0"]
[WhiteElo "2307"]
[BlackElo "2130"]
[PlyCount "47"]
[EventDate "2011.??.??"]

1. d4 f5 2. g3 Nf6 3. Bg2 g6 4. Nh3 Bg7 5. Nf4 Nc6 6. Nc3 O-O 7. h4 Bh8 8. h5
g5 9. Nd3 h6 10. d5 Nb8 11. Ne5 Bg7 12. Ng6 Re8 13. e4 e6 14. dxe6 Rxe6 15. e5
Kh7 16. Kf1 Nxh5 17. Qxh5 Rxg6 18. Ne4 Bxe5 19. Nxg5+ Kg7 20. Nf3 d6 21. Bxh6+
Kf7 22. Ng5+ Kf6 23. Nh7+ Kf7 24. Bd5+ 1-0

[Event "Championnat de France Accession 2011"]
[Site "Caen"]
[Date "2011.08.17"]
[Round "2.11"]
[White "Ternault, Mathieu"]
[Black "Stephan, Victor"]
[Result "1/2-1/2"]
[WhiteElo "2097"]
[BlackElo "2280"]
[PlyCount "44"]
[EventDate "2011.??.??"]

1. d4 Nf6 2. c4 e6 3. Nc3 Bb4 4. e3 b6 5. Nge2 Ne4 6. Bd2 Nxd2 7. Qxd2 Ba6 8.
a3 Be7 9. Nf4 c6 10. b4 d5 11. b5 cxb5 12. cxd5 O-O 13. dxe6 b4 14. exf7+ Rxf7
15. Nb5 bxa3 16. Bc4 Bxb5 17. Bxf7+ Kxf7 18. Qa2+ Ke8 19. Qg8+ Bf8 20. Qe6+ Be7
21. Qg8+ Bf8 22. Qe6+ Be7 1/2-1/2

[Event "Championnat de France Accession 2011"]
[Site "Caen"]
[Date "2011.08.17"]
[Round "2.14"]
[White "Godard, Maxence"]
[Black "Etrog, Jonathan"]
[Result "1-0"]
[WhiteElo "2352"]
[BlackElo "2188"]
[PlyCount "33"]
[EventDate "2011.??.??"]

1. d4 Nf6 2. c4 c5 3. d5 e6 4. Nc3 exd5 5. cxd5 d6 6. e4 g6 7. Bd3 Bg7 8. Nge2
a6 9. a4 O-O 10. O-O Nbd7 11. b3 Ne5 12. Bc2 c4 13. b4 a5 14. Rb1 Nh5 15. bxa5
Qh4 16. f4 Nd7 17. Nb5 1-0

[Event "Championnat de France Accession 2011"]
[Site "Caen"]
[Date "2011.08.17"]
[Round "2.17"]
[White "Meynard, Thibault"]
[Black "Soyer, Jean-Yves"]
[Result "0-1"]
[WhiteElo "2267"]
[BlackElo "2054"]
[PlyCount "74"]
[EventDate "2011.??.??"]

1. d4 Nf6 2. c4 g6 3. Nc3 Bg7 4. Nf3 O-O 5. g3 d6 6. Bg2 Nc6 7. O-O a6 8. d5
Na5 9. Nd2 c5 10. Qc2 Rb8 11. a3 b5 12. cxb5 axb5 13. b4 cxb4 14. axb4 Nc4 15.
Nxc4 bxc4 16. Rb1 Bb7 17. e4 Ng4 18. h3 Ne5 19. Kh2 Bc8 20. Ne2 Ba6 21. Bd2 c3
22. Bxc3 Bd3 23. Qd2 Bxb1 24. Rxb1 Qb6 25. Bd4 Qb5 26. Rb3 Rfc8 27. f4 Nc4 28.
Qd3 Qa4 29. Bxg7 Kxg7 30. Nd4 Rxb4 31. Rxb4 Qxb4 32. Nc6 Qc5 33. Nxe7 Rb8 34.
Nc6 Rb2 35. Qc3+ Kg8 36. Ne7+ Kf8 37. Nc6 Rxg2+ 0-1

[Event "Championnat de France Accession 2011"]
[Site "Caen"]
[Date "2011.08.17"]
[Round "2.22"]
[White "Crut, Aurelien"]
[Black "Bouget, Alexandre"]
[Result "1/2-1/2"]
[WhiteElo "2317"]
[BlackElo "2199"]
[PlyCount "81"]
[EventDate "2011.??.??"]

1. e4 e5 2. Nf3 Nc6 3. Bb5 a6 4. Bxc6 dxc6 5. O-O Bg4 6. h3 h5 7. d3 Qf6 8.
Nbd2 Bd6 9. Re1 Ne7 10. d4 Ng6 11. hxg4 hxg4 12. Nh2 Rxh2 13. Qxg4 Rh4 14. Qf5
Rh8 15. Nf3 Nh4 16. Qxf6 gxf6 17. Nxh4 Rxh4 18. g3 Rh5 19. Be3 O-O-O 20. Rad1
Re8 21. Kg2 f5 22. exf5 exd4 23. Bxd4 Rxe1 24. Rxe1 Rxf5 25. Re4 Kd7 26. g4 Rg5
27. Kf3 Rg6 28. Be5 Re6 29. Bf4 Rf6 30. Ke3 b5 31. Be5 Rh6 32. Bxd6 cxd6 33.
Kf4 Rf6+ 34. Kg3 d5 35. Re5 Rh6 36. g5 Rd6 37. f4 c5 38. f5 c4 39. f6 d4 40.
Re7+ Kc6 41. Kf2 1/2-1/2